000
00209 a2200097 4500
001
35942
100
_a
Rosen Robert
245
_a
Anticipatory Systems
260
_a
London
_b
Cassell
_c
090
_c
23492
_d
23492
942
_a
NUST-CAE
_c
M
_c
14994
999
_c
271015
_d
271015